| 000 | 01945cam a2200505 i 4500 | ||
|---|---|---|---|
| 001 | zz2003891276 | ||
| 003 | NUKAT | ||
| 005 | 20260313131629.0 | ||
| 008 | 030923s2003 pl a a |000 0 pol c | ||
| 020 |
_a8390550598 _q(oprawa miękka) |
||
| 035 | _a(OCoLC)830518606 | ||
| 035 | _a(NUKAT)zz2003891276 | ||
| 040 |
_aKR U/LS _bpol _erda _cKR U/LS _dKR U/ES _dLUBL U/MGas _dOLSZT 008/bak |
||
| 046 | _k2003 | ||
| 245 | 0 | 0 |
_aMedia i edukacja w globalizującym się świecie : _bteoria, praktyka, oddziaływanie / _credakcja naukowa Marek Sokołowski. |
| 260 |
_aOlsztyn : _bOficyna Wydawnicza " Kastalia", _c2003. |
||
| 300 |
_a625, [1] strona : _bilustracje ; _c24 cm. |
||
| 336 |
_aTekst _btxt _2rdacontent |
||
| 337 |
_aBez urządzenia pośredniczącego _bn _2rdamedia |
||
| 338 |
_aWolumin _bnc _2rdacarrier |
||
| 380 | _aKsiążki | ||
| 380 | _aPublikacje naukowe | ||
| 388 | 1 | _a2001- | |
| 504 | _aBibliografie przy pracach. | ||
| 650 | 7 |
_aEdukacja medialna _2DBN _938047 |
|
| 650 | 7 |
_aGlobalizacja _2DBN _938048 |
|
| 650 | 7 |
_aMultimedia _2DBN _938049 |
|
| 650 | 7 |
_aNauczanie _2DBN _936963 |
|
| 650 | 7 |
_aSpołeczeństwo informacyjne _2DBN _938050 |
|
| 650 | 7 |
_aŚrodki masowego przekazu _2DBN _937389 |
|
| 650 | 7 |
_aSzkolnictwo _2DBN _935186 |
|
| 650 | 7 |
_aZastosowanie i wykorzystanie _2DBN _938051 |
|
| 650 | 7 |
_aGlobalizacja _xaspekt społeczny _y1990-. _2kaba _938052 |
|
| 650 | 7 |
_aMass media _xaspekt społeczny _y1990-. _2kaba _938053 |
|
| 650 | 7 |
_aMass media w edukacji. _2kaba _938054 |
|
| 650 | 7 |
_aSpołeczeństwo informacyjne _y1990-. _2kaba _938055 |
|
| 655 | 7 |
_aPraca zbiorowa _2DBN _935107 |
|
| 658 | _aEdukacja i pedagogika | ||
| 658 | _aPolityka, politologia, administracja publiczna | ||
| 658 | _aSocjologia i społeczeństwo | ||
| 700 | 1 |
_aSokołowski, Marek _d(1962- ). _eRedakcja _938046 |
|
| 710 | 2 |
_aOficyna Wydawnicza "Kastalia". _eWydawca _4pbl _938045 |
|
| 920 | _a83-905505-9-8 (oprawa miękka) | ||
| 942 |
_2ddc _cBK_NM |
||
| 999 |
_c26998 _d26998 |
||